000 00518nam a2200157Ia 4500
008 160316s2007 xxu||||| |||| 00| 0 eng d
082 _a307.760300
_bRED-III
100 _aReddy D. Chenna
245 _aEncyclopaedia of urban development Vol. III Planning and policies of cities
250 _a
260 _aNew Delhi
_bArise Publishers & Distributors
_c2007
300 _a332p
_b
_c
365 _bRs. 4,200 Vols
650 _a1. Urban Development - Encyclopaedia 2. Planning - Strategies - Techniques
700 _a
_a
999 _c30096
_d30096